[Event "9. Forchheimer Sparkassen Open 2010"]
[Site "Forchheim"]
[Date "2010.10.03"]
[Round "5.9"]
[White "Hauf, Nicolai"]
[Black "Wissel, Florian"]
[Result "0-1"]
[WhiteElo "1789"]
[BlackElo "1452"]
[PlyCount "78"]
[EventDate "2010.??.??"]
[WhiteTeam "SK Leutershausen"]
[BlackTeam "SF Sailauf"]

1. c4 {[%emt 0:00:00]} e5 {[%emt 0:00:16]} 2. g3 {[%emt 0:00:01]} Nf6 {
[%emt 0:00:02]} 3. Bg2 {[%emt 0:00:02]} Nc6 {[%emt 0:00:02]} 4. Nc3 {
[%emt 0:00:02]} d6 {[%emt 0:00:01]} 5. d3 {[%emt 0:00:02]} Be6 {[%emt 0:00:01]}
6. e4 {[%emt 0:00:01]} g6 {[%emt 0:00:01]} 7. Nge2 {[%emt 0:00:02]} Qd7 {
[%emt 0:00:01]} 8. Nd5 {[%emt 0:00:01]} Bg7 {[%emt 0:00:02]} 9. Bg5 {
[%emt 0:00:02]} Bxd5 {[%emt 0:00:02]} 10. cxd5 {[%emt 0:00:02]} Ne7 {
[%emt 0:00:02]} 11. O-O {[%emt 0:00:03]} O-O {[%emt 0:00:02]} 12. Qb3 {
[%emt 0:00:03]} c6 {[%emt 0:00:01]} 13. dxc6 {[%emt 0:00:02]} bxc6 {
[%emt 0:00:01]} 14. Rfd1 {[%emt 0:00:02]} Rab8 {[%emt 0:00:01]} 15. Qc2 {
[%emt 0:00:02]} c5 {[%emt 0:00:01]} 16. Rab1 {[%emt 0:00:02]} Nc6 {
[%emt 0:00:02]} 17. f4 {[%emt 0:00:02]} h6 {[%emt 0:00:01]} 18. Bxf6 {
[%emt 0:00:02]} Bxf6 {[%emt 0:00:01]} 19. Qd2 {[%emt 0:00:02]} Kh7 {
[%emt 0:00:02]} 20. Rf1 {[%emt 0:00:03]} Bg7 {[%emt 0:00:02]} 21. f5 {
[%emt 0:00:05]} g5 {[%emt 0:00:01]} 22. Bf3 {[%emt 0:00:02]} Bf6 {
[%emt 0:00:02]} 23. Nc3 {[%emt 0:00:02]} Bd8 {[%emt 0:00:01]} 24. Bd1 {
[%emt 0:00:03]} Ba5 {[%emt 0:00:02]} 25. Bb3 {[%emt 0:00:02]} Nd4 {
[%emt 0:00:02]} 26. Bc4 {[%emt 0:00:02]} Bxc3 {[%emt 0:00:02]} 27. bxc3 {
[%emt 0:00:02]} Rxb1 {[%emt 0:00:02]} 28. cxd4 {[%emt 0:00:02]} Rxf1+ {
[%emt 0:00:02]} 29. Kxf1 {[%emt 0:00:03]} cxd4 {[%emt 0:00:01]} 30. Qb4 {
[%emt 0:00:02]} Qc7 {[%emt 0:00:01]} 31. Qa4 {[%emt 0:00:02]} Rb8 {
[%emt 0:00:02]} 32. Qc2 {[%emt 0:00:02]} Rb6 {[%emt 0:00:02]} 33. Qa4 {
[%emt 0:00:02]} Qb7 {[%emt 0:00:01]} 34. Qe8 {[%emt 0:00:02]} Rb1+ {
[%emt 0:00:02]} 35. Kg2 {[%emt 0:00:02]} Qb2+ {[%emt 0:00:03]} 36. Kh3 {
[%emt 0:00:03]} g4+ {[%emt 0:00:01]} 37. Kxg4 {[%emt 0:00:02]} Qe2+ {
[%emt 0:00:02]} 38. Kh3 {[%emt 0:00:01]} Qh5+ {[%emt 0:00:03]} 39. Kg2 {
[%emt 0:00:01]} Rb2+ {[%emt 0:00:01]} 0-1

[Event "9. Forchheimer Sparkassen Open 2010"]
[Site "Forchheim"]
[Date "2010.10.03"]
[Round "5.10"]
[White "Dyroff, Roland"]
[Black "Wegmann, Sven"]
[Result "0-1"]
[WhiteElo "1773"]
[BlackElo "1659"]
[PlyCount "56"]
[EventDate "2010.??.??"]
[WhiteTeam "SW Nürnberg Süd e.V."]
[BlackTeam "SC Erlangen 48/88"]

1. e4 {[%emt 0:00:00]} c5 {[%emt 0:00:01]} 2. Nf3 {[%emt 0:00:01]} d6 {
[%emt 0:00:01]} 3. d4 {[%emt 0:00:02]} cxd4 {[%emt 0:00:01]} 4. Nxd4 {
[%emt 0:00:03]} Nf6 {[%emt 0:00:02]} 5. Nc3 {[%emt 0:00:11]} g6 {[%emt 0:00:02]
} 6. f3 {[%emt 0:00:02]} Bg7 {[%emt 0:00:05]} 7. Be3 {[%emt 0:00:29]} Nc6 {
[%emt 0:00:02]} 8. Qd2 {[%emt 0:00:02]} O-O {[%emt 0:00:02]} 9. Nxc6 {
[%emt 0:00:02]} bxc6 {[%emt 0:00:01]} 10. O-O-O {[%emt 0:00:02]} d5 {
[%emt 0:00:01]} 11. exd5 {[%emt 0:00:02]} cxd5 {[%emt 0:00:02]} 12. Nxd5 {
[%emt 0:00:02]} Nxd5 {[%emt 0:00:02]} 13. Qxd5 {[%emt 0:00:02]} Qc7 {
[%emt 0:00:02]} 14. Qc5 {[%emt 0:00:05]} Qb7 {[%emt 0:00:02]} 15. Bd4 {
[%emt 0:00:15]} Bf5 {[%emt 0:00:03]} 16. c4 {[%emt 0:00:03]} Bh6+ {
[%emt 0:00:02]} 17. Be3 {[%emt 0:00:03]} Rab8 {[%emt 0:00:02]} 18. b3 {
[%emt 0:00:03]} Rfc8 {[%emt 0:00:00]} 19. Qe5 {[%emt 0:00:01]} Bg7 {
[%emt 0:00:04]} 20. Qg3 {[%emt 0:00:02]} Qb4 {[%emt 0:00:02]} 21. Rd2 {
[%emt 0:00:02]} Qc3+ {[%emt 0:00:05]} 22. Kd1 {[%emt 0:00:01]} Qxe3 {
[%emt 0:00:03]} 23. Qf2 {[%emt 0:00:02]} Qc3 {[%emt 0:00:02]} 24. g4 {
[%emt 0:00:02]} Rd8 {[%emt 0:00:02]} 25. gxf5 {[%emt 0:00:03]} Qa1+ {
[%emt 0:00:02]} 26. Ke2 {[%emt 0:00:02]} Rxd2+ {[%emt 0:00:02]} 27. Kxd2 {
[%emt 0:00:02]} Qb2+ {[%emt 0:00:05]} 28. Ke1 {[%emt 0:00:02]} Bc3+ {
[%emt 0:00:02]} 0-1

[Event "9. Forchheimer Sparkassen Open 2010"]
[Site "Forchheim"]
[Date "2010.10.03"]
[Round "5.11"]
[White "Balhar, Michael"]
[Black "Schwab, Edgar"]
[Result "0-1"]
[WhiteElo "1812"]
[BlackElo "1946"]
[PlyCount "138"]
[EventDate "2010.??.??"]
[WhiteTeam "SC Erlangen 48/88"]
[BlackTeam "SC Forchheim e.V."]

1. e4 e5 2. Nf3 Nc6 3. Bc4 Be7 4. d3 d6 5. h3 Nf6 6. c3 O-O 7. Bg5 h6 8. Bh4
Na5 9. Bb5 a6 10. Ba4 b5 11. Bc2 c5 12. Nbd2 Nc6 13. Qe2 Ra7 14. b3 Qe8 15. g4
Nh7 16. Bxe7 Nxe7 17. Nf1 Ng6 18. Ne3 Nf4 19. Qd2 Qd8 20. Nd5 Ng2+ 21. Kf1 Nh4
22. Nxh4 Qxh4 23. Kg2 g6 24. f3 f5 25. Raf1 Raf7 26. Bd1 Be6 27. c4 b4 28. Qe2
Kg7 29. gxf5 gxf5 30. Qf2 Qd8 31. f4 Kh8 32. Kh2 fxe4 33. dxe4 Ng5 34. Qe2 exf4
35. Qh5 Bxd5 36. exd5 Qf6 37. Rhg1 Rg7 38. h4 Ne4 39. Rxg7 Qxg7 40. Rg1 Ng3 41.
Qf3 Qf6 42. Kh3 Rg8 43. Bc2 h5 44. Qd3 Qg7 45. Bd1 Qf7 46. Qf3 Qf5+ 47. Kh2 Rg4
48. Re1 Rxh4+ 49. Kg1 Qg6 50. Re6 Qg5 51. Re8+ Kg7 52. Kf2 Rh2+ 53. Ke1 Nf5 54.
Be2 Qg1+ 55. Kd2 Qd4+ 56. Ke1 Qg1+ 57. Kd2 Rh1 58. Bd1 Qd4+ 59. Kc2 Ne3+ 60.
Rxe3 Qxd1+ 61. Qxd1 Rxd1 62. Rf3 Rg1 63. Rxf4 Rg2+ 64. Kd3 Rg4 65. Rf2 h4 66.
Rh2 Kg6 67. Ke3 Kg5 68. Rf2 h3 69. Kf3 Rf4+ 0-1

[Event "9. Forchheimer Sparkassen Open 2010"]
[Site "Forchheim"]
[Date "2010.10.03"]
[Round "5.12"]
[White "Körber, Christian"]
[Black "Pühn, Georg"]
[Result "1-0"]
[WhiteElo "1690"]
[BlackElo "1961"]
[PlyCount "119"]
[EventDate "2010.??.??"]
[WhiteTeam "SF Fürth 1951 e.V."]
[BlackTeam "SC Noris-Tarrasch Nürnberg 1873"]

1. d4 d5 2. Nf3 Nf6 3. e3 c6 4. Bd3 Bg4 5. h3 Bh5 6. b3 e6 7. O-O Nbd7 8. c4
Bd6 9. Bb2 O-O 10. Nbd2 Rc8 11. e4 dxe4 12. Nxe4 Nxe4 13. Bxe4 Nf6 14. Bc2 Bb8
15. Rc1 Bf4 16. Ra1 Qc7 17. Bc1 Rfd8 18. g4 Bg6 19. Bxg6 hxg6 20. Bxf4 Qxf4 21.
Qe2 c5 22. dxc5 Nxg4 23. hxg4 Qxg4+ 24. Kh1 Rxc5 25. Qe3 Rh5+ 26. Nh2 Qh4 27.
Qg3 Qe4+ 28. Qg2 Qc2 29. Qxb7 Rd4 30. Rg1 Kh7 31. Qxf7 Rdh4 32. Rg2 Qe4 33. Kg1
Rxh2 34. Rxh2 Rxh2 35. Kxh2 Qe5+ 36. Kg2 Qxa1 37. c5 Qd4 38. Qc7 Qe4+ 39. Kg3
e5 40. Qf7 Qe1 41. c6 Qg1+ 42. Kf3 Qh1+ 43. Ke3 Qxc6 44. Qxa7 Qc1+ 45. Ke4 Qf4+
46. Kd5 e4 47. Qe3 Qb8 48. a4 Qb7+ 49. Kc4 Qe7 50. b4 Qe6+ 51. Kc3 Qc6+ 52. Kb3
Qd5+ 53. Ka3 Qe5 54. a5 g5 55. f3 Qa1+ 56. Kb3 Qd1+ 57. Kc4 exf3 58. Qd3+ Qxd3+
59. Kxd3 Kg6 60. a6 1-0

[Event "9. Forchheimer Sparkassen Open 2010"]
[Site "Forchheim"]
[Date "2010.10.03"]
[Round "5.13"]
[White "Ulusoy, Tolga"]
[Black "Wohlfahrt, Dr. Michael"]
[Result "1-0"]
[WhiteElo "1993"]
[BlackElo "1743"]
[PlyCount "101"]
[EventDate "2010.??.??"]
[WhiteTeam "SC Noris-Tarrasch Nürnberg 1873"]
[BlackTeam "SAbt TSF Welzheim"]

1. e4 c5 2. c3 d5 3. exd5 Qxd5 4. d4 Nc6 5. dxc5 Qxc5 6. Na3 a6 7. Be3 Qd6 8.
Nc4 Qxd1+ 9. Rxd1 Be6 10. Bb6 Nf6 11. Nf3 Nd7 12. Nfd2 Nxb6 13. Nxb6 Rd8 14. b3
Bf5 15. Be2 e6 16. g4 Bg6 17. Bf3 Bc5 18. Nbc4 O-O 19. b4 Ba7 20. Ne3 Bxe3 21.
fxe3 Rd3 22. Rc1 Rxe3+ 23. Kf2 Rd3 24. Nb3 Rb8 25. Bxc6 bxc6 26. Rhd1 Rxd1 27.
Rxd1 Bc2 28. Rd6 Bxb3 29. axb3 Rc8 30. Ke3 Kf8 31. Kd4 Ke7 32. Kc5 g6 33. g5 f5
34. gxf6+ Kxf6 35. Kb6 Kf5 36. Kb7 Re8 37. Rxc6 e5 38. Rxa6 e4 39. Ra1 e3 40.
Re1 e2 41. c4 Kf4 42. c5 Kf3 43. c6 Kf2 44. Rxe2+ Rxe2 45. c7 Kf3 46. c8=Q Rxh2
47. Qc6+ Kf2 48. Qc5+ Kf3 49. Qd5+ Kf2 50. b5 Rg2 51. Qf7+ 1-0

[Event "9. Forchheimer Sparkassen Open 2010"]
[Site "Forchheim"]
[Date "2010.10.03"]
[Round "5.14"]
[White "Eichschmied, Patrick"]
[Black "Schulz, Lukas"]
[Result "1-0"]
[WhiteElo "1821"]
[BlackElo "1612"]
[PlyCount "91"]
[EventDate "2010.??.??"]
[WhiteTeam "SV Haunwöhr SAbt"]
[BlackTeam "SC Höchstadt/Aisch"]

1. e4 e5 2. Nf3 Nc6 3. Bb5 d6 4. d4 exd4 5. Nxd4 Bd7 6. Bxc6 bxc6 7. Nc3 g6 8.
b3 Bg7 9. Bb2 Nf6 10. O-O O-O 11. Qd3 Re8 12. Rfe1 Ng4 13. f3 Ne5 14. Qd2 c5
15. Nde2 Qh4 16. Qf4 Qh5 17. Ng3 Qh6 18. Qxh6 Bxh6 19. Nd5 Bg7 20. Nxc7 Nxf3+
21. gxf3 Bxb2 22. Rad1 Bd4+ 23. Kg2 Bc6 24. Nxa8 Bxa8 25. Ne2 Be5 26. c4 Kg7
27. Ng3 Re6 28. Rd3 Kf6 29. Red1 h5 30. Ne2 h4 31. Nc3 Bxc3 32. Rxc3 Ke5 33.
Rcd3 g5 34. Kh3 Bb7 35. Kg4 Rg6 36. a3 a5 37. Kh5 Ba8 38. Rg1 h3 39. Rxg5+
Rxg5+ 40. Kxg5 Bc6 41. Kh6 Bd7 42. Kg5 f6+ 43. Kh4 f5 44. exf5 Bxf5 45. Rd5+
Ke6 46. Rxf5 1-0

[Event "9. Forchheimer Sparkassen Open 2010"]
[Site "Forchheim"]
[Date "2010.10.03"]
[Round "5.15"]
[White "Winter, Jonathan"]
[Black "Larisch, Thomas"]
[Result "1/2-1/2"]
[WhiteElo "1895"]
[BlackElo "1597"]
[PlyCount "73"]
[EventDate "2010.??.??"]
[WhiteTeam "SV Haunwöhr SAbt"]
[BlackTeam "RMV Conc. Strullendorf"]

1. e4 c5 2. Nf3 Nc6 3. d4 cxd4 4. Nxd4 e6 5. Nb3 b6 6. c4 Bb7 7. Be3 Rc8 8. Be2
Ne5 9. N1d2 Bb4 10. O-O Nf6 11. f4 Bxd2 12. Nxd2 Ng6 13. e5 Ne4 14. Nxe4 Bxe4
15. a4 Ne7 16. a5 Nf5 17. Bf2 g5 18. g4 gxf4 19. Bf3 Bxf3 20. Qxf3 Qg5 21. Kh1
Ne3 22. Bxe3 fxe3 23. Qxf7+ Kd8 24. Rfd1 Qe7 25. Qf4 Rf8 26. Qxe3 Qc5 27. Qxc5
Rxc5 28. axb6 axb6 29. Ra7 Rf7 30. b3 Rxe5 31. Rb7 Re4 32. Rxb6 Kc7 33. Ra6
Rxg4 34. Ra7+ Kc6 35. Ra2 Rf3 36. Ra6+ Kc5 37. Rad6 1/2-1/2

[Event "9. Forchheimer Sparkassen Open 2010"]
[Site "Forchheim"]
[Date "2010.10.03"]
[Round "5.16"]
[White "Schreck, Michael"]
[Black "Körber, Thomas"]
[Result "1/2-1/2"]
[WhiteElo "1837"]
[BlackElo "1979"]
[PlyCount "45"]
[EventDate "2010.??.??"]
[WhiteTeam "TV Faulbach e.V. 1920"]
[BlackTeam "SF Fürth 1951 e.V."]

1. d4 f5 2. Bg5 g6 3. Nd2 Bg7 4. e4 fxe4 5. Nxe4 Nf6 6. Nxf6+ exf6 7. Qe2+ Qe7
8. Qxe7+ Kxe7 9. Bf4 d6 10. O-O-O Re8 11. Bc4 Be6 12. Bxe6 Kxe6 13. Nf3 Na6 14.
c3 d5 15. Rhe1+ Kd7 16. Rxe8 Rxe8 17. Re1 Rxe1+ 18. Nxe1 Bf8 19. Nd3 b6 20. Be3
Bd6 21. Bf4 c6 22. Bxd6 Kxd6 23. Kd2 1/2-1/2

[Event "9. Forchheimer Sparkassen Open 2010"]
[Site "Forchheim"]
[Date "2010.10.03"]
[Round "5.17"]
[White "Boudkeev, Timour"]
[Black "Richter, Tony"]
[Result "1/2-1/2"]
[WhiteElo "1833"]
[BlackElo "1536"]
[PlyCount "129"]
[EventDate "2010.??.??"]
[WhiteTeam "SG Zürich"]
[BlackTeam "Thüringer SV Triebes"]

1. d4 Nf6 2. c4 e6 3. Nc3 h6 4. Nf3 d5 5. Bf4 c6 6. e3 Nh5 7. cxd5 exd5 8. Bxb8
Rxb8 9. Bd3 Nf6 10. O-O Bg4 11. h3 Bxf3 12. Qxf3 Be7 13. Ne2 O-O 14. Ng3 Re8
15. Nh5 Nxh5 16. Qxh5 Bf6 17. Rab1 Qc7 18. b4 a6 19. a4 Qd6 20. b5 a5 21. Qe2
Bxd4 22. bxc6 bxc6 23. Rxb8 Qxb8 24. Rb1 Qc7 25. Qc2 Ba7 26. Bb5 Rb8 27. Rc1 c5
28. Qf5 Rd8 29. Bd3 g6 30. Qf6 Qd6 31. Qc3 Bb6 32. Rb1 c4 33. Be2 d4 34. exd4
Qf6 35. Qxc4 Rxd4 36. Qc8+ Kg7 37. Qc2 Rf4 38. Bf3 g5 39. Qb2 Bd4 40. Qb5 h5
41. Qe8 g4 42. Rb8 Kh6 43. Qf8+ Qg7 44. Qd6+ Kg5 45. Rb5+ f5 46. g3 Bxf2+ 47.
Kg2 Bxg3 48. Qd8+ Kh6 49. hxg4 hxg4 50. Kxg3 Rxf3+ 51. Kg2 Kh5 52. Qxa5 Qd7 53.
Rd5 Qe6 54. Qd2 Qa6 55. Qe1 Qc6 56. Qa5 Qc2+ 57. Rd2 Qc1 58. Rf2 Rxf2+ 59. Kxf2
Qf4+ 60. Ke1 g3 61. Qb5 Qe4+ 62. Qe2+ Qxe2+ 63. Kxe2 Kg4 64. a5 f4 65. Kf1
1/2-1/2

[Event "9. Forchheimer Sparkassen Open 2010"]
[Site "Forchheim"]
[Date "2010.10.03"]
[Round "5.18"]
[White "Thurnbauer, Alois"]
[Black "Pokorny, Klaus"]
[Result "1/2-1/2"]
[WhiteElo "1602"]
[BlackElo "1807"]
[PlyCount "147"]
[EventDate "2010.??.??"]
[WhiteTeam "SC Ortenburg 1894 e.V."]
[BlackTeam "TSV Kirchehrenbach"]

1. d4 Nf6 2. Nf3 g6 3. Bf4 d6 4. e3 Bg7 5. c3 Nbd7 6. Nbd2 O-O 7. Be2 Re8 8.
O-O e5 9. dxe5 dxe5 10. Bg3 b6 11. Bh4 Bb7 12. Nc4 h6 13. Bxf6 Bxf6 14. Qc2 Qe7
15. e4 Nc5 16. Nfd2 Rad8 17. Bf3 Ba6 18. Rfd1 Bg5 19. b3 Nd3 20. g3 Qf6 21. Kg2
Qc6 22. h4 Bxd2 23. Nxd2 Qc5 24. Nf1 Nb4 25. Qb2 Bxf1+ 26. Kxf1 Nc6 27. Rd5
Rxd5 28. exd5 e4 29. Bxe4 Rxe4 30. dxc6 Qxc6 31. Re1 Rxe1+ 32. Kxe1 Qe4+ 33.
Kf1 a5 34. c4 Qd3+ 35. Qe2 Qb1+ 36. Kg2 Kf8 37. Qd2 Kg7 38. Qd4+ Kh7 39. Qf4
Kg7 40. Qe5+ Kh7 41. Qxc7 Qe4+ 42. Kh2 Kg7 43. Qxb6 Qe2 44. Qd4+ Kg8 45. a4 Qc2
46. c5 Kf8 47. Kg2 Qxb3 48. c6 Qc2 49. Qd8+ Kg7 50. c7 Qe4+ 51. Kh2 Qf5 52.
Qd4+ Kh7 53. Qb6 Kg7 54. Qd4+ Kh7 55. Qf4 Qd7 56. Qc1 Qc8 57. Qc4 Kg7 58. Qd4+
Kh7 59. Qd8 Qf5 60. Qd2 Qc5 61. Qf4 Kg7 62. g4 g5 63. hxg5 hxg5 64. Qg3 Kf8 65.
Kg2 Qc6+ 66. f3 Qc2+ 67. Kf1 Qd3+ 68. Kg2 Qc2+ 69. Kh1 Qc1+ 70. Kh2 Qc2+ 71.
Kh3 Qh7+ 72. Kg2 Qc2+ 73. Kf1 Qd3+ 74. Kg2 1/2-1/2

[Event "9. Forchheimer Sparkassen Open 2010"]
[Site "Forchheim"]
[Date "2010.10.03"]
[Round "5.19"]
[White "Üstün, Engin"]
[Black "Seifert, Heinz"]
[Result "1-0"]
[WhiteElo "1820"]
[BlackElo "1540"]
[PlyCount "65"]
[EventDate "2010.??.??"]
[WhiteTeam "SF Windheim e.V."]
[BlackTeam "1.FC Schwarzenfeld e.V."]

1. e4 c5 2. Nf3 d6 3. d4 cxd4 4. Nxd4 Nf6 5. Nc3 g6 6. Bc4 Bg7 7. f3 O-O 8. Be3
Nc6 9. Qd2 Nd7 10. O-O-O Nb6 11. Bb3 Na5 12. Bh6 Nbc4 13. Qg5 Nxb3+ 14. axb3
Ne5 15. Bxg7 Kxg7 16. g4 h6 17. Qe3 a5 18. Rhg1 Bd7 19. h4 Kh7 20. h5 g5 21.
Nf5 Bxf5 22. gxf5 f6 23. Nd5 b5 24. f4 Nf7 25. e5 fxe5 26. f6 exf6 27. Qd3+ Kh8
28. Qg6 Rg8 29. Qxf7 Qf8 30. Qe6 Rd8 31. Nxf6 Rg7 32. fxe5 Rf7 33. Ng4 1-0

[Event "9. Forchheimer Sparkassen Open 2010"]
[Site "Forchheim"]
[Date "2010.10.03"]
[Round "5.20"]
[White "Haimerl, Willibald"]
[Black "Becker, Ralph"]
[Result "1/2-1/2"]
[WhiteElo "1597"]
[BlackElo "1755"]
[PlyCount "70"]
[EventDate "2010.??.??"]
[WhiteTeam "SV Deggendorf"]
[BlackTeam "SC 1975 Paimar"]

1. e4 c5 2. Nf3 d6 3. d4 cxd4 4. Nxd4 Nf6 5. Nc3 g6 6. Be3 Bg7 7. f3 O-O 8. Bc4
Nc6 9. Qd2 Bd7 10. O-O-O Rc8 11. Bb3 Ne5 12. h4 h5 13. Kb1 Nc4 14. Bxc4 Rxc4
15. g4 Be6 16. Nxe6 fxe6 17. e5 Ne8 18. gxh5 gxh5 19. Qd3 Qc8 20. Qg6 dxe5 21.
Bh6 Rf6 22. Qxh5 Rxh6 23. Qg5 Rf4 24. Qxe7 Rf7 25. Qg5 Rd7 26. Rdg1 Kh8 27. Ne4
Qd8 28. Qc1 Rh7 29. Ng5 Bh6 30. a3 Bxg5 31. hxg5 Qc7 32. Qe3 Rxh1 33. Rxh1+ Rh7
34. Rxh7+ Qxh7 35. Qxe5+ Ng7 1/2-1/2

[Event "9. Forchheimer Sparkassen Open 2010"]
[Site "Forchheim"]
[Date "2010.10.03"]
[Round "5.21"]
[White "Moskowicz, Daniel"]
[Black "Winkelmeier, Alfred"]
[Result "0-1"]
[WhiteElo "1562"]
[BlackElo "1753"]
[PlyCount "34"]
[EventDate "2010.??.??"]
[WhiteTeam "SC Forchheim e.V."]
[BlackTeam "SV Ilmmünster"]

1. e4 c5 2. Nf3 e6 3. d4 cxd4 4. Nxd4 a6 5. Be2 Qc7 6. Nc3 Nf6 7. O-O b5 8. Be3
b4 9. Na4 Nxe4 10. Bf3 Bb7 11. Rc1 Nf6 12. c3 Nc6 13. cxb4 Bxb4 14. Qc2 Rc8 15.
Nxc6 Bxc6 16. Qc4 Qa5 17. Nc5 Bb5 0-1

[Event "9. Forchheimer Sparkassen Open 2010"]
[Site "Forchheim"]
[Date "2010.10.03"]
[Round "5.23"]
[White "Schulz, Horst"]
[Black "Myagkov, Kirill"]
[Result "0-1"]
[WhiteElo "1509"]
[BlackElo "1795"]
[PlyCount "84"]
[EventDate "2010.??.??"]
[WhiteTeam "SC Höchstadt/Aisch"]
[BlackTeam "SC Noris-Tarrasch Nürnberg 1873"]

1. d4 Nf6 2. e3 d5 3. Bd3 e6 4. Nd2 c5 5. c3 Nc6 6. f4 c4 7. Bc2 b5 8. Ngf3 Nd7
9. Ne5 Ndxe5 10. fxe5 Be7 11. O-O O-O 12. Qh5 g6 13. Qe2 a5 14. Nf3 b4 15. Bd2
Ba6 16. Qf2 Rb8 17. Rab1 b3 18. axb3 cxb3 19. Bd1 Bxf1 20. Qxf1 f6 21. Qe1 fxe5
22. dxe5 Qc7 23. Nd4 Nxd4 24. exd4 Rf7 25. Bh6 Bf8 26. Qh4 Bxh6 27. Qxh6 Rbf8
28. Bxb3 Qb6 29. Bc2 Qb5 30. h4 Rf1+ 31. Rxf1 Qxf1+ 32. Kh2 Rf2 33. Qg5 Rxc2
34. h5 Qf5 35. Qd8+ Kg7 36. Qe7+ Kh6 37. hxg6 hxg6 38. Qd8 Qh5+ 39. Kg1 Rc1+
40. Kf2 Qf5+ 41. Ke2 Rc2+ 42. Ke1 Qf2+ 0-1

[Event "9. Forchheimer Sparkassen Open 2010"]
[Site "Forchheim"]
[Date "2010.10.03"]
[Round "5.24"]
[White "Stephan, Michael"]
[Black "Koch, Christian"]
[Result "1-0"]
[WhiteElo "1862"]
[BlackElo "1500"]
[PlyCount "63"]
[EventDate "2010.??.??"]
[WhiteTeam "SC Forchheim e.V."]
[BlackTeam "SC Höchstadt/Aisch"]

1. e4 e5 2. Nf3 Nc6 3. Bb5 Bc5 4. O-O d6 5. c3 Nf6 6. d4 Nxe4 7. dxc5 Nxc5 8.
Bg5 f6 9. Be3 Ne6 10. Qc2 Qe7 11. Bd3 g6 12. Nfd2 f5 13. f4 e4 14. Bb5 d5 15.
Nb3 a6 16. Be2 Ncd8 17. c4 c6 18. cxd5 cxd5 19. Rd1 Nc7 20. Nc3 Qf7 21. Bd4 O-O
22. Be5 Nde6 23. Nxd5 Nxd5 24. Rxd5 Bd7 25. Rad1 Rac8 26. Qd2 Bc6 27. Rd6 b5
28. Na5 Ba8 29. Rd7 Qe8 30. Qd6 Rd8 31. Rxd8 Nxd8 32. Qxa6 1-0

[Event "9. Forchheimer Sparkassen Open 2010"]
[Site "Forchheim"]
[Date "2010.10.03"]
[Round "5.25"]
[White "Zischer, Andreas"]
[Black "Hohner, Karl-Heinz"]
[Result "1/2-1/2"]
[WhiteElo "1585"]
[BlackElo "1949"]
[PlyCount "44"]
[EventDate "2010.??.??"]
[WhiteTeam "SK Leutershausen"]
[BlackTeam "vereinslos"]

1. e4 c5 2. Nf3 a6 3. d4 cxd4 4. Nxd4 Nf6 5. Nc3 e5 6. Nf3 Bb4 7. Qd3 d5 8. Bd2
Bxc3 9. Qxc3 O-O 10. exd5 Nxd5 11. Qb3 Nc6 12. O-O-O Nd4 13. Nxd4 exd4 14. Qg3
Bf5 15. Bd3 Bxd3 16. Qxd3 Qb6 17. Qb3 Qxb3 18. axb3 Rac8 19. Kb1 Rfd8 20. Rhe1
Rc6 21. Re5 f6 22. Re4 Nc7 1/2-1/2

[Event "9. Forchheimer Sparkassen Open 2010"]
[Site "Forchheim"]
[Date "2010.10.03"]
[Round "5.26"]
[White "Weber, Daniel"]
[Black "Kean, Christopher"]
[Result "1/2-1/2"]
[WhiteElo "1685"]
[BlackElo "1661"]
[PlyCount "47"]
[EventDate "2010.??.??"]
[WhiteTeam "SC Bechhofen 1923 e.V."]
[BlackTeam "SC Leinfelden"]

1. e4 g6 2. c4 Bg7 3. d4 d6 4. Nc3 Nf6 5. Nf3 O-O 6. Be2 e5 7. d5 Nbd7 8. O-O
Ne8 9. Qc2 f5 10. exf5 gxf5 11. b3 Rf7 12. Ng5 Nf8 13. Nxf7 Kxf7 14. Bb2 Ng6
15. Nd1 Qg5 16. Bc1 f4 17. f3 Nf6 18. Bd3 Bd7 19. Nf2 Nh4 20. Ne4 Nxe4 21. Bxe4
Nf5 22. Qf2 Bf8 23. Bd2 h5 24. Rfd1 1/2-1/2

[Event "9. Forchheimer Sparkassen Open 2010"]
[Site "Forchheim"]
[Date "2010.10.03"]
[Round "5.27"]
[White "Petermann, Jan"]
[Black "Spiegelhauer, Tilmann"]
[Result "1-0"]
[WhiteElo "1653"]
[BlackElo "1880"]
[PlyCount "27"]
[EventDate "2010.??.??"]
[WhiteTeam "SV Puschendorf 1949 e.V."]
[BlackTeam "SC Uttenreuth e.V."]

1. b3 d5 2. Bb2 c5 3. e3 Nc6 4. Nf3 Bf5 5. c4 Nf6 6. cxd5 Nxd5 7. Nc3 Ndb4 8.
e4 Bg4 9. Be2 Nd3+ 10. Bxd3 Qxd3 11. Qe2 Qc2 12. d3 Nd4 13. Nxd4 Bxe2 14. Nxc2
1-0

[Event "9. Forchheimer Sparkassen Open 2010"]
[Site "Forchheim"]
[Date "2010.10.03"]
[Round "5.28"]
[White "Kuenne, Lutz  Dieter"]
[Black "Glawe, Ralf"]
[Result "0-1"]
[WhiteElo "1643"]
[BlackElo "1771"]
[PlyCount "106"]
[EventDate "2010.??.??"]
[WhiteTeam "Kings Club 98 Jena"]
[BlackTeam "MTV Ingolstadt"]

1. e4 c5 2. Nc3 e6 3. d3 d5 4. Bd2 d4 5. Nce2 e5 6. g3 Bd6 7. f4 Nc6 8. Bg2 f6
9. Nf3 Nge7 10. O-O O-O 11. f5 b5 12. c3 Qb6 13. cxd4 cxd4 14. Qb3+ Kh8 15. Ne1
Na5 16. Qd1 Bd7 17. Nc2 b4 18. b3 Nac6 19. Rf3 a5 20. g4 a4 21. Nc1 axb3 22.
Nxb3 Na5 23. Qe1 Nxb3 24. axb3 Rxa1 25. Qxa1 Qb7 26. Qb2 Ra8 27. Rf1 Qb5 28.
Ne1 Qa5 29. Nc2 Qb5 30. Ne1 Qa6 31. Kf2 Qa2 32. Qxa2 Rxa2 33. Ke2 Nc6 34. Nf3
Na7 35. Rb1 Nb5 36. Rc1 Nc3+ 37. Ke1 Kg8 38. Bf1 Kf7 39. h3 h6 40. h4 Kf8 41.
g5 hxg5 42. hxg5 Ra3 43. gxf6 gxf6 44. Bxc3 bxc3 45. Kd1 Rxb3 46. Ne1 Ba4 47.
Nc2 Rb2 48. Be2 Kg8 49. Bh5 Bf8 50. Bg6 Bh6 51. Ra1 Bxc2+ 52. Ke2 Bb3+ 53. Kf3
Ba2 0-1

[Event "9. Forchheimer Sparkassen Open 2010"]
[Site "Forchheim"]
[Date "2010.10.03"]
[Round "5.29"]
[White "Nahlik, Bernhard"]
[Black "Mejerski, Stephan"]
[Result "1-0"]
[WhiteElo "1752"]
[BlackElo "1635"]
[PlyCount "57"]
[EventDate "2010.??.??"]
[WhiteTeam "SC Ansbach 1855 e.V."]
[BlackTeam "SK Schmiden/Cannstatt"]

1. d4 f5 2. Nf3 Nf6 3. e3 e6 4. c4 c6 5. c5 b6 6. b4 a5 7. bxa5 bxc5 8. Be2
cxd4 9. Qxd4 Qxa5+ 10. Bd2 Qc7 11. Nc3 Ba6 12. O-O c5 13. Qa4 Be7 14. Qc2 Bxe2
15. Nxe2 Ne4 16. a4 Nxd2 17. Nxd2 O-O 18. Nc3 Bf6 19. Nb5 Qc6 20. Ra2 Na6 21.
Ra3 Nb4 22. Qc1 d5 23. Qd1 Rfc8 24. Nb3 e5 25. h3 c4 26. Nd2 Nd3 27. Qc2 Qc5
28. Nf3 Rcb8 29. Rxd3 1-0

[Event "9. Forchheimer Sparkassen Open 2010"]
[Site "Forchheim"]
[Date "2010.10.03"]
[Round "5.30"]
[White "Winter, Christopher"]
[Black "Siegl, Melina"]
[Result "1/2-1/2"]
[WhiteElo "1750"]
[BlackElo "1467"]
[PlyCount "68"]
[EventDate "2010.??.??"]
[WhiteTeam "SV Haunwöhr SAbt"]
[BlackTeam "SW Nürnberg Süd e.V."]

1. d4 f5 2. c4 Nf6 3. Nc3 d6 4. Nf3 g6 5. e3 Bg7 6. Bd3 O-O 7. O-O Qe8 8. e4 e5
9. dxe5 dxe5 10. exf5 gxf5 11. Nb5 Rf7 12. Ng5 Rd7 13. c5 a6 14. Nc3 Kh8 15.
Qc2 e4 16. Bc4 Re7 17. Qb3 h6 18. Nh3 Nc6 19. Qc2 Nd4 20. Qd2 Rd7 21. Qf4 Nh5
22. Qh4 Qg6 23. Be2 Nf3+ 24. Bxf3 exf3 25. g3 Rd4 26. Nf4 Nxf4 27. Bxf4 Kh7 28.
Kh1 Bf6 29. Qh3 Bg5 30. Rad1 Rc4 31. Rfe1 Rxc5 32. Re3 b5 33. Rde1 Bf6 34. Re8
Bb7 1/2-1/2

[Event "9. Forchheimer Sparkassen Open 2010"]
[Site "Forchheim"]
[Date "2010.10.03"]
[Round "5.31"]
[White "Schmidt, Tobias"]
[Black "Müller, Ludwig"]
[Result "1-0"]
[WhiteElo "1537"]
[BlackElo "1689"]
[PlyCount "113"]
[EventDate "2010.??.??"]
[WhiteTeam "SC Tamm 74"]
[BlackTeam "SGem Nürnberg 1978 e.V."]

1. e4 b6 2. d4 Bb7 3. Bd3 e6 4. Nf3 Nf6 5. Qe2 d5 6. e5 Ne4 7. O-O Be7 8. Bf4
h6 9. Nbd2 Nxd2 10. Qxd2 Ba6 11. Ne1 c5 12. c3 Bxd3 13. Nxd3 c4 14. Ne1 Nc6 15.
Be3 g5 16. f4 gxf4 17. Bxf4 Bg5 18. Nc2 Bxf4 19. Qxf4 Rh7 20. h4 Ne7 21. Qf6
Ng6 22. h5 Qxf6 23. Rxf6 Ne7 24. Ne3 Ng8 25. Rf4 Ke7 26. b3 cxb3 27. axb3 f5
28. Rf2 Kd7 29. Rfa2 Kc6 30. g3 Kb7 31. c4 Ne7 32. cxd5 Nxd5 33. Nxd5 exd5 34.
Rf1 Rf7 35. Raf2 Raf8 36. e6 Re7 37. Rxf5 Rxf5 38. Rxf5 Rxe6 39. Rxd5 Re3 40.
Kh2 Kc6 41. Rf5 Rxb3 42. Rf6+ Kd5 43. Rxh6 a5 44. Rg6 a4 45. h6 a3 46. Rg8 a2
47. Ra8 Rb2+ 48. Kh3 Rb1 49. Rxa2 Re1 50. h7 Re8 51. Kg4 Rh8 52. Ra7 b5 53. Kg5
b4 54. Kg6 b3 55. Kg7 b2 56. Rb7 Rd8 57. h8=Q 1-0